MUERTE A FILO DE OBSIDIANA : (Registro nro. 46672)
[ vista simple ]
| 000 -LEADER | |
|---|---|
| fixed length control field | 01051nam a2200193 a 4500 |
| 001 - CONTROL NUMBER | |
| control field | 46672 |
| 005 - DATE AND TIME OF LATEST TRANSACTION | |
| control field | 20180714030331.0 |
| 008 - FIXED-LENGTH DATA ELEMENTS--GENERAL INFORMATION | |
| fixed length control field | 140415s1996 mx 000 0 spa d |
| 020 ## - INTERNATIONAL STANDARD BOOK NUMBER | |
| International Standard Book Number | 9681649915 |
| 041 ## - LANGUAGE CODE | |
| Language code of text/sound track or separate title | spa |
| 082 ## - DEWEY DECIMAL CLASSIFICATION NUMBER | |
| Classification number | 306.08997452 |
| Item number | MAT |
| 100 1# - MAIN ENTRY--PERSONAL NAME | |
| Personal name | MATOS MOCTEZUMA. EDUARDO |
| 245 10 - TITLE STATEMENT | |
| Title | MUERTE A FILO DE OBSIDIANA : |
| Remainder of title | LOS NAHUAS FRENTE A LA MUERTE |
| 250 ## - EDITION STATEMENT | |
| Edition statement | 4ed. |
| 260 ## - PUBLICATION, DISTRIBUTION, ETC. | |
| Place of publication, distribution, etc. | MEXICO : |
| Name of publisher, distributor, etc. | FONDO DE CULTURA ECONOMICA, |
| Date of publication, distribution, etc. | 1996 |
| 300 ## - PHYSICAL DESCRIPTION | |
| Extent | 179 |
| Dimensions | 23 x 15.4 x 0.8 |
| 520 ## - SUMMARY, ETC. | |
| Summary, etc. | LOS ANTIGUOS MITOS NOS RELATAN COMO Y QUIENES FUERON LOS DIOSES QUE CREARON LA ESTRUCTURA DEL UNIVERSO TANTO LOS NIVELES CELESTES COMO EL INFRAMUNDO, TAMBIEN LOS LUGARES A LOS QUE EL INDIVIDUO IRIA DESPUES DE LA MUETRE, MUERTE QUE, SEGUN SU FORMA, SERA LA QUE DEPARE EL DSTINO DEL HOMBRE. TODOS LOS PUEBLOS DE LA TIERRA HAN TENIDO SU PROPIA CONCEPCION DEL MAS ALLA. PARA LOS ANTIGUOS NAHUAS DEL CENTRO DE MEXICO TRES ERAN LOS LUGARES DESTINADOS PARA EL QUE MORIA: EL MICTLAN, AL QUE SE LLE |
| 650 14 - SUBJECT ADDED ENTRY--TOPICAL TERM | |
| Topical term or geographic name entry element | MEXICO |
| General subdivision | HISTORIA |
| -- | EPOCA PREHISPANICA |
| Withdrawn status | Lost status | Source of classification or shelving scheme | Damaged status | Not for loan | Collection code | Home library | Current library | Shelving location | Date acquired | Source of acquisition | Inventory number | Total Checkouts | Full call number | Barcode | Date last seen | Date last checked out | Price effective from | Koha item type |
|---|---|---|---|---|---|---|---|---|---|---|---|---|---|---|---|---|---|---|
| Dewey Decimal Classification | General | Biblioteca Karol Wojtyla | Biblioteca Karol Wojtyla | Sala general | 03/12/2013 | Compra | 151000000000000000053730 | 1 | 306.08997452 MAT 1996 | 69992 | 05/01/2026 | 06/11/2019 | 25/05/2015 | Libro |